[Event "BRA Region North-ch"]
[Site "Manaus"]
[Date "2010.10.??"]
[Round "7"]
[White "Da Rocha, Alynne Ribeiro"]
[Black "De Moura Gouvea, Augusto Cesar"]
[Result "1-0"]
[WhiteElo "1879"]
[BlackElo "1793"]
[PlyCount "139"]
[EventDate "2010.10.09"]
[EventType "swiss"]
[EventRounds "7"]
[EventCountry "BRA"]
[SourceTitle "EXT 2022"]
[Source "ChessBase"]
[SourceDate "2021.10.06"]
[SourceVersion "1"]
[SourceVersionDate "2021.10.06"]
[SourceQuality "1"]

1. c4 e5 2. d4 exd4 3. Qxd4 Nc6 4. Qd1 Nf6 5. e3 Bc5 6. Nf3 0-0 7. Bd3 d6 8. Bd2 Bg4 9. Nc3 Ne5 10. Qe2 Re8 11. h3 Nxf3+ 12. gxf3 Bh5 13. 0-0-0 d5 14. Rhg1 c6 15. Na4 Bb6 16. cxd5 cxd5 17. Bb5 Re6 18. Bd3 Rc8+ 19. Kb1 Ba5 20. Ka1 Ne4 21. Bxe4 dxe4 22. Bc3 Qc7 23. Rxg7+ Kf8 24. Rxh7 Bxf3 25. Rh8+ Ke7 26. Rxc8 Qxc8 27. Qb5 Bxd1 28. Qxa5 Ra6 29. Qg5+ Kd6 30. Qe5+ Kc6 31. Qxe4+ Kd7 32. Qf5+ Kd8 33. Bf6+ Kc7 34. Be5+ Kd8 35. Qg5+ Kd7 36. Qf5+ Re6 37. Qxf7+ Re7 38. Qd5+ Ke8 39. Qg8+ Kd7 40. Qd5+ Ke8 41. Nc5 Qf5 42. f4 Bh5 43. Qg8+ Qf8 44. Qxf8+ Kxf8 45. Bd6 b6 46. Bxe7+ Kxe7 47. Ne4 Bf3 48. Ng5 Bh5 49. Kb1 Kf6 50. e4 Bg6 51. h4 Be8 52. Kc2 Kg6 53. Kd3 Kh5 54. f5 Kxh4 55. Ne6 Kh5 56. Kd4 Kh6 57. Kd5 Kh7 58. e5 Kg8 59. Kd6 Kf7 60. Ng5+ Kg7 61. f6+ Kg6 62. Ne6 Kf7 63. Ng5+ Kg6 64. Ke7 Bc6 65. f7 Kxg5 66. f8Q Be4 67. Qf6+ Kg4 68. Ke6 a5 69. Qh6 b5 70. Kf6 1-0

[Event "BRA Region North-ch"]
[Site "Manaus"]
[Date "2010.10.??"]
[Round "5"]
[White "Lelis, Maria Cecilia de S"]
[Black "De Moura Gouvea, Augusto Cesar"]
[Result "0-1"]
[WhiteElo "1815"]
[BlackElo "1793"]
[PlyCount "26"]
[EventDate "2010.10.09"]
[EventType "swiss"]
[EventRounds "7"]
[EventCountry "BRA"]
[SourceTitle "EXT 2022"]
[Source "ChessBase"]
[SourceDate "2021.10.06"]
[SourceVersion "1"]
[SourceVersionDate "2021.10.06"]
[SourceQuality "1"]

1. e4 e5 2. Nf3 Nc6 3. Bc4 Bc5 4. Nc3 d6 5. 0-0 Bg4 6. h3 Bh5 7. d3 Nd4 8. a3 Nxf3+ 9. gxf3 Qh4 10. Qd2 Qxh3 11. Qg5 g6 12. Nd5 Bxf3 13. Nxc7+ Kd7 0-1